UBT Library

The cultural nature of human development / (Record no. 43691)

000 -LEADER
fixed length control field 00753cam a22002414a 4500
001 - CONTROL NUMBER
control field 12842169
005 - DATE AND TIME OF LATEST TRANSACTION
control field 20180228044613.0
008 - FIXED-LENGTH DATA ELEMENTS--GENERAL INFORMATION
fixed length control field 020703s2003 enka b 001 0 eng
010 ## - LIBRARY OF CONGRESS CONTROL NUMBER
LC control number 2002010393
020 ## - INTERNATIONAL STANDARD BOOK NUMBER
International Standard Book Number 0195131339 (hardcover : alk. paper)
040 ## - CATALOGING SOURCE
Original cataloging agency DLC
Transcribing agency DLC
Modifying agency DLC
041 ## - LANGUAGE CODE
Language code of text/sound track or separate title eng
042 ## - AUTHENTICATION CODE
Authentication code pcc
080 ## - UNIVERSAL DECIMAL CLASSIFICATION NUMBER
Universal Decimal Classification number 305.231 bar
082 00 - DEWEY DECIMAL CLASSIFICATION NUMBER
Classification number 305.231 bar
Edition number 21
100 1# - Rafti
Rafti 49
101 ## - Shkurtesa
Shkurtesa psi
245 14 - TITLE STATEMENT
Title The cultural nature of human development /
Statement of responsibility, etc Barbara Rogoff.
504 ## - BIBLIOGRAPHY, ETC. NOTE
Bibliography, etc Includes bibliographical references (p. 371-411) and index.
906 ## - LOCAL DATA ELEMENT F, LDF (RLIN)
a 7
b cbc
c orignew
d 1
e ecip
f 20
g y-gencatlg
942 ## - ADDED ENTRY ELEMENTS (KOHA)
Source of classification or shelving scheme
Item type Books
Holdings
Withdrawn status Lost status Source of classification or shelving scheme Damaged status Not for loan Collection code Permanent location Current location Shelving location Date acquired Total Checkouts Full call number Barcode Date last seen Price effective from Koha item type
          Koleksioni i përgjithshem UBT - Lipjan UBT - Lipjan Koleksioni i përgjithshem 02/28/2018   305.231 bar 002-3000343 02/28/2018 02/28/2018 Books
UBT Library © 2015-2024. All rights reserved University Education for Business and Technology